000 00665nam a2200241Ia 4500
003 OSt
005 20220926013143.0
006 a|||||r|||| 00| 0
007 ta
008 220923b |||||||| |||| 00| 0 eng d
037 _cGeneral Book
040 _aRTL
_cRTL
_beng
041 _2eng
_aeng
082 _aR1, K1
100 _aQuine Willard Van Orman
_942260
245 0 _aFrom a logical point of view
_b Logico philosophica
250 _a2
260 _aNew York
_bHarper and Row U. S. A.
_c1961
300 _a184p
_ccm.
650 _aPhilosophy-Logic
942 _hR1, K1
_cGB
_2CC
999 _c625273
_d625273